Informácie ako fenomén kybernetiky a riadenia záverečná práca postgraduálneho štúdia

Guardado en:
Detalles Bibliográficos
Autor principal: Halás, Marián
Autor Corporativo: Vysoká škola ekonomická v Bratislave
Otros Autores: Straková, Ľubica
Formato: Libro
Lenguaje:eslovaco
Publicado: Bratislava 1990
Etiquetas: Agregar Etiqueta
Sin Etiquetas, Sea el primero en etiquetar este registro!

MARC

LEADER 00000nam a2200000 4500
001 c026911
005 20221215070658.9
041 0 |a slo 
044 |a SK 
245 1 0 |a Informácie ako fenomén kybernetiky a riadenia  |b záverečná práca postgraduálneho štúdia  |c Marián Halás ; Ved. práce Ľubica Straková 
264 1 |a Bratislava  |c 1990 
300 |a 74 s. 
100 1 |a Halás, Marián 
700 1 |a Straková, Ľubica 
710 2 |a Vysoká škola ekonomická v Bratislave